| Tag |
First Indicator |
Second Indicator |
Subfields |
| LEADER |
00000cam a2200000 a 4500 |
| 001 |
in00000012686 |
| 005 |
20151007051900.0 |
| 008 |
871202s1987 mx a b i00000 eng d |
| 020 |
|
|
|a 9686127062
|
| 035 |
|
|
|a (OCoLC)17160718
|
| 035 |
|
|
|9 AAA5261AM
|
| 040 |
|
|
|a DJB
|c DJB
|d TXA
|d UtOrBLW
|
| 049 |
|
|
|a TXAM
|c [A12583126]
|
| 050 |
|
4 |
|a QK625.S5
|b E92 1987
|
| 245 |
0 |
4 |
|a The Septoria diseases of wheat :
|b concepts and methods of disease management /
|c [Z. Eyal [and others]].
|
| 264 |
|
1 |
|a México, D.F., México :
|b International Maize and Wheat Improvement Center,
|c [1987]
|
| 300 |
|
|
|a vi, 46 pages :
|b color illustrations ;
|c 28 cm.
|
| 336 |
|
|
|a text
|b txt
|2 rdacontent
|
| 337 |
|
|
|a unmediated
|b n
|2 rdamedia
|
| 338 |
|
|
|a volume
|b nc
|2 rdacarrier
|
| 504 |
|
|
|a Bibliography: pages 40-44.
|
| 650 |
|
0 |
|a Septoria.
|
| 650 |
|
0 |
|a Septoria tritici.
|
| 650 |
|
0 |
|a Wheat
|x Diseases and pests.
|
| 700 |
1 |
|
|a Eyal, Z.
|
| 710 |
2 |
|
|a International Maize and Wheat Improvement Center.
|
| 999 |
|
|
|a MARS
|
| 999 |
f |
f |
|s 61134fdb-4863-3772-be54-fbf5f34243c6
|i 1c564c95-2098-36d8-8472-03236ffd8c9b
|t 0
|
| 952 |
f |
f |
|p ric
|a Texas A&M University
|b Rellis Campus
|c Joint Library Facility
|d Remote Storage
|t 0
|e QK625.S5 E92 1987
|h Library of Congress classification
|i unmediated -- volume
|m A14812583126
|
| 998 |
f |
f |
|a QK625.S5 E92 1987
|t 0
|l Remote Storage
|